000 00718nam a22002537a 4500
001 126124
003 UA-OsUOA
005 20220414194417.0
007 ta
008 20171009b un ||||| |||| 00| 0 ukr d
040 _aUA-OsUOA
_brus
_cUA-OsUOA
_dUA-OsUOA
041 _arus
080 _a821.161.1
090 _a821.161.1
_bФ75
100 _aФолкнер У.
245 _aСобрание сочинений
_bв 6-ти томах
260 _aМ.
_bХудожественная литература
_c1987
300 _a655 с.
505 _gТ. 5
650 7 _a821 Художня література
_2UDC
942 _cBK
_2udc
955 _a3
999 _c413347
_d413347